000 00679cam a2200241Ia 4500
001 47181
005 20230410102148.0
008 880411s1986 dr f000 1 spa d
010 _a 88889972
035 _a(OCoLC)ocm17767417
040 _aPIT
_cPIT
_dDLC
019 _a18634948
035 _a(OCoLC)17767417
_z(OCoLC)18634948
050 1 4 _a118 PQ 7409
_bG216a 1986
100 1 _aGarcía Romero, Rafael,
_d1957-
245 1 3 _aEl agonista :
_bcuentos /
_cRafael García Romero.
260 _aSanto Domingo :
_bBiblioteca Nacional,
_c1986.
300 _a101 p. ;
_c21 cm.
440 0 _aColección Orfeo
942 _2lcc
_cbk
994 _aC0
_bDRFGD
946 _acsexposito
999 _c20266
_d20266